LEADER 01387nam a2200325 i 4500 001 000000342664 003 CaOOAMICUS 005 20210303124615.0 008 201023s2020 it u000 u ita u 013 $a233187 020 $a978-88-452-8342-0 040 $aSeMil$bita 041 1 $aita$ager 100 1 $aHusserl, Edmund,$d<1859-1938>.$0(OLS)http://semarc/name/3630 245 13$aLe conferenze di Parigi ; Meditazioni cartesiane /$cEdmund Husserl ; a cura di Diego D'Angelo. 264 1$aMilano :$bBompiani,$c2020. 300 $a464 p. ;$c22 cm 490 1 $aBompiani Il pensiero occidentale 501 $aMeditazioni cartesiane 546 $aTesto tedesco con traduzione italiana a fronte 700 1 $aD'Angelo, Diego.$0(OLS)http://semarc/name/108831 730 02$aCartesianische Meditationen.$0(OLS)http://semarc/title/431520 730 02$aPariser Vorträge.$0(OLS)http://semarc/title/431518 830 0$aBompiani Il pensiero occidentale.$0(OLS)http://semarc/title/10111 850 $aSeMil 852 $aSeMil$W1$xVenegono$y1$m2OA V 437$j221946$B233577$CSeMilBibl$Z2$F233577 $81 996 $6020$a978-88-452-8342-0$9(OLS)http://semarc/number/291495 996 $6245$aLe conferenze di Parigi ; Meditazioni cartesiane$9(OLS)http://semarc/title/431519 996 $6264$aMilano :$bBompiani$9(OLS)http://semarc/publisher/29706 LEADER 01120nam a2200265 i 4500 001 000000236448 003 CaOOAMICUS 005 20141202000000.0 008 141202s1999 it u000 u ita u 013 $a215352 020 $a88-308-0667-6 040 $aSeMil$bita 100 1 $aMaggi, Alberto,$c.$0(OLS)http://semarc/name/14050 240 00$aGesu e Belzebu.$0(OLS)http://semarc/title/336958 245 10$aGesu e Belzebù :$bsatana e demoni nel Vangelo di Marco /$cAlberto Maggi. 260 $aAssisi :$bCittadella,$c1999. 300 $a192 p. ;$c21 cm. 650 4$aBibbia - Demonio.$0(OLS)http://semarc/subject/18789 650 4$aBibbia - NT - Marco - Demonio.$0(OLS)http://semarc/subject/41975 850 $aSeMil 852 $aSeMil$W1$xVenegono$y1$m2V II 296$j186794$B186794$CSeMilBibl$Z2$F197514 $81 961 $aLascito: Serenthà don Mario 996 $6020$a88-308-0667-6$9(OLS)http://semarc/number/241542 996 $6245$aGesu e Belzebù :$bsatana e demoni nel Vangelo di Marco$9(OLS)http://semarc/title/336959 996 $6260$aAssisi :$bCittadella$9(OLS)http://semarc/publisher/29661